000 00607nam a2200217 a 4500
999 _c843
_d843
008 191104r20082012ii ||||g |||| 00| 0beng d
020 _a9789380914251
_cRs. 176.00
040 _aKO
_beng
041 0 _aeng
044 _aii
082 0 4 _223
_a973.7092
_bC382
100 1 _aCharnwood, Lord
245 1 0 _aAbraham Lincoln :
_bA Complete Biography /
_cLord Charnwood
260 _aNew Delhi :
_bGeneral Press ,
_c2008, reprinted 2012
300 _a460 p. ;
_c22 cm.
600 _aLincoln, Abraham
650 0 _aHistory And History Of Civilization
_vBiography
904 _aA_BOSE
942 _cBK